|
|
|
|
| LEADER |
00000nam0a2200000 4500 |
| 001 |
300981 |
| 005 |
20231102001345.0 |
| 035 |
|
|
|a (RuTPU)RU\TPU\book\326134
|
| 090 |
|
|
|a 300981
|
| 100 |
|
|
|a 20150721d1982 k y0rusy5003 ca
|
| 101 |
0 |
|
|a rus
|
| 102 |
|
|
|a RU
|
| 105 |
|
|
|a y z 000zy
|
| 200 |
1 |
|
|a Стандартизация, качество продукции и эргономика
|f В. М. Мунипов, В. И. Даниляк, В. К. Оше
|
| 210 |
|
|
|a Москва
|c Изд-во стандартов
|d 1982
|
| 215 |
|
|
|a 200 с.
|e 1 отд. л. табл.
|
| 606 |
1 |
|
|a Стандартизация
|2 stltpush
|3 (RuTPU)RU\TPU\subj\67652
|9 83373
|
| 606 |
1 |
|
|a Промышленная продукция
|x Качество
|x Планирование
|2 stltpush
|3 (RuTPU)RU\TPU\subj\52224
|9 70712
|
| 606 |
1 |
|
|a Эргономика
|2 stltpush
|3 (RuTPU)RU\TPU\subj\37487
|9 58447
|
| 610 |
1 |
|
|a эргономические требования
|
| 610 |
1 |
|
|a оценка
|
| 610 |
1 |
|
|a стандарты
|
| 610 |
1 |
|
|a промышленные изделия
|
| 610 |
1 |
|
|a унификация
|
| 610 |
1 |
|
|a нормы
|
| 610 |
1 |
|
|a показатели
|
| 675 |
|
|
|a 006
|z rus
|v 4
|
| 675 |
|
|
|a 658.562
|z rus
|v 3
|
| 686 |
|
|
|a У9(2)242.10
|2 rubbk
|
| 700 |
|
1 |
|a Мунипов
|b В. М.
|g Владимир Михайлович
|4 070
|
| 701 |
|
1 |
|a Даниляк
|b В. И.
|g Владимир Исакович
|
| 701 |
|
1 |
|a Оше
|b В. К.
|g Вадим Карлович
|
| 801 |
|
0 |
|a RU
|b RuMRKP
|c 19950704
|g psbo
|
| 801 |
|
1 |
|a RU
|b 63413507
|c 20150721
|
| 801 |
|
2 |
|a RU
|b 63413507
|c 20170808
|g RCR
|
| 942 |
|
|
|c BK
|